000 00944nam a2200253Ia 4500
003 OSt
005 20220923225113.0
006 a|||||r|||| 00| 0
007 ta
008 220922b |||||||| |||| 00| 0 hin d
024 _a257,392
037 _cTextual
040 _aARTS
_cARTS
_bhin
041 _2hin
_ahin
082 _aX, 152L6
100 _aबनर्जी, असित; वत्स, अजीत सिंह
245 0 _aअर्थशास्त्र के मूल सिद्वान्त
246 _aArthashāstra ke mūl sidvānta
260 _aनई दिल्ली
_b दि मैकमिलन कंपनी आफ इंडिया लिमिटेड
_c1976
300 _a251पृ.
_ccm.
650 _aअर्थशास्त्र
942 _hX, 152L6
_cTEXL
_2CC
999 _c376076
_d376076